Cine : (Record no. 340308)
[ view plain ]
| 000 -LEADER | |
|---|---|
| fixed length control field | 00653nam a2200253Ia 4500 |
| 008 - FIXED-LENGTH DATA ELEMENTS--GENERAL INFORMATION | |
| fixed length control field | 170712s9999 xx 000 0 und d |
| 020 ## - INTERNATIONAL STANDARD BOOK NUMBER | |
| International Standard Book Number | 9789712719035 |
| 050 ## - LIBRARY OF CONGRESS CALL NUMBER | |
| Classification number | 791.43 |
| 050 ## - LIBRARY OF CONGRESS CALL NUMBER | |
| Item number | D418 2007 |
| 100 ## - MAIN ENTRY--PERSONAL NAME | |
| Personal name | Deocampo, Nick |
| 245 ## - TITLE STATEMENT | |
| Title | Cine : |
| 245 ## - TITLE STATEMENT | |
| Remainder of title | spanish influences on early cinema in the Philippines / |
| 245 ## - TITLE STATEMENT | |
| Statement of responsibility, etc | by Nick Deocampo. |
| 260 ## - PUBLICATION, DISTRIBUTION, ETC. (IMPRINT) | |
| Place of publication, distribution, etc | Philippines : |
| 260 ## - PUBLICATION, DISTRIBUTION, ETC. (IMPRINT) | |
| Name of publisher, distributor, etc | Anvil, |
| 260 ## - PUBLICATION, DISTRIBUTION, ETC. (IMPRINT) | |
| Date of publication, distribution, etc | 2007 |
| 300 ## - PHYSICAL DESCRIPTION | |
| Extent | 394 pages : |
| 300 ## - PHYSICAL DESCRIPTION | |
| Other physical details | illustrations ; |
| 300 ## - PHYSICAL DESCRIPTION | |
| Dimensions | 23cm. |
| 500 ## - GENERAL NOTE | |
| General note | Includes bibliography and index. |
| 650 ## - SUBJECT ADDED ENTRY--TOPICAL TERM | |
| Topical term or geographic name as entry element | Motion pictures -- |
| 650 ## - SUBJECT ADDED ENTRY--TOPICAL TERM | |
| Topical term or geographic name as entry element | Title. |
| 650 ## - SUBJECT ADDED ENTRY--TOPICAL TERM | |
| General subdivision | Philippines -- History. |
No items available.